<?xml version='1.0' encoding='UTF-8'?>
  <record xmlns="http://www.loc.gov/MARC21/slim">
    <leader>00000ctm a22000007a 4500</leader>
    <controlfield tag="001">ocn965405213</controlfield>
    <controlfield tag="003">OCoLC</controlfield>
    <controlfield tag="005">20250621131343.7</controlfield>
    <controlfield tag="008">150416q14001500xx            000 0 lat d</controlfield>
    <datafield tag="040" ind1=" " ind2=" ">
      <subfield code="a">QGJ</subfield>
      <subfield code="b">dut</subfield>
      <subfield code="c">QGJ</subfield>
      <subfield code="d">OCLCL</subfield>
      <subfield code="d">OCLCQ</subfield>
    </datafield>
    <datafield tag="035" ind1=" " ind2=" ">
      <subfield code="a">(OCoLC)965405213</subfield>
    </datafield>
    <datafield tag="100" ind1="1" ind2=" ">
      <subfield code="a">Herxen, Dirk van,</subfield>
      <subfield code="d">1381-1457,</subfield>
      <subfield code="e">author.</subfield>
      <subfield code="4">aut</subfield>
      <subfield code="1">https://id.oclc.org/worldcat/entity/E39PBJbCTxYVfB3k7BkwfWc773</subfield>
    </datafield>
    <datafield tag="245" ind1="1" ind2="0">
      <subfield code="a">Instructio religiosorum ex dictis doctorum /</subfield>
      <subfield code="c">Dirc van Herxen.</subfield>
      <subfield code="f">UBU Hs. 1586 (Hs 8 E 29).</subfield>
    </datafield>
    <datafield tag="246" ind1="3" ind2=" ">
      <subfield code="a">Compilatio ex diversis doctorum dictis</subfield>
    </datafield>
    <datafield tag="260" ind1=" " ind2=" ">
      <subfield code="a">[S.l.],</subfield>
      <subfield code="c">[1400-1500]</subfield>
    </datafield>
    <datafield tag="300" ind1=" " ind2=" ">
      <subfield code="a">212 fols. ;</subfield>
      <subfield code="c">220 x 135 mm.</subfield>
    </datafield>
    <datafield tag="336" ind1=" " ind2=" ">
      <subfield code="a">text</subfield>
      <subfield code="b">txt</subfield>
      <subfield code="2">rdacontent</subfield>
    </datafield>
    <datafield tag="337" ind1=" " ind2=" ">
      <subfield code="a">unmediated</subfield>
      <subfield code="b">n</subfield>
      <subfield code="2">rdamedia</subfield>
    </datafield>
    <datafield tag="338" ind1=" " ind2=" ">
      <subfield code="a">volume</subfield>
      <subfield code="b">nc</subfield>
      <subfield code="2">rdacarrier</subfield>
    </datafield>
    <datafield tag="340" ind1=" " ind2=" ">
      <subfield code="a">paper and parchment (fols. 1-3, 14, 23, 216-219)</subfield>
      <subfield code="k">2 colums.</subfield>
    </datafield>
    <datafield tag="500" ind1=" " ind2=" ">
      <subfield code="a">Preliminary title.</subfield>
    </datafield>
    <datafield tag="500" ind1=" " ind2=" ">
      <subfield code="a">Contains also: Dicta doctorum de quibusdam festis et sanctis / Dirc van Herxen; De vita communi; De remediis contra pericula quae possunt contingere circa canonem; Metra de morte; Metra de beatissima Virgine Maria; Liber de praeparatione cordis.</subfield>
    </datafield>
    <datafield tag="524" ind1=" " ind2=" ">
      <subfield code="a">Cite as: Universiteitsbibliotheek Utrecht Hs. 1586 (Hs 8 E 29).</subfield>
    </datafield>
    <datafield tag="561" ind1=" " ind2=" ">
      <subfield code="a">According to a note on the front (?) of the manuscript, owned by the Canons Regular of St. Mary (Marienwolde), Frenswegen near Nordhorn.</subfield>
    </datafield>
    <datafield tag="581" ind1=" " ind2=" ">
      <subfield code="a">Catalogue des livres, incunables, manuscrits formant la bibliothèque de feu M. A. Ledeboer : dont la vente aura lieu 8 Oct. 1888 ... Leide, 1888. P. 24, no. 424.</subfield>
    </datafield>
    <datafield tag="581" ind1=" " ind2=" ">
      <subfield code="a">[A. Hulshof], Catalogus codicum manu scriptorum Bibliothecae Universitatis Rheno-Traiectinae. II. Traiecti ad Rhenum 1909. P. 73-74.</subfield>
    </datafield>
    <datafield tag="581" ind1=" " ind2=" ">
      <subfield code="a">Ph.H.J. Knierim, Dirc van Herxen (1381-1457), rector van het Zwolsche fraterhuis. Diss. Leiden. Amsterdam 1926. P. 131-135, 150-152.</subfield>
    </datafield>
    <datafield tag="581" ind1=" " ind2=" ">
      <subfield code="a">Th.M.M. van Rooij, Gerard Zerbold van Zutphen. Dissertatie Nijmegen. Nijmegen, etc. 1936. p. 350 (fol. 14-141).</subfield>
    </datafield>
    <datafield tag="581" ind1=" " ind2=" ">
      <subfield code="a">S.G. Axters, Geschiedenis van de vroomheid in de Nederlanden. Dl. 3: De Moderne Devotie, 1380-1550. Antwerpen 1956. P. 424.</subfield>
    </datafield>
    <datafield tag="581" ind1=" " ind2=" ">
      <subfield code="a">J. Deschamps, 'De Dietse kollatieboeken van Dirc van Herxen (1381-1457)', in: Handelingen van het 23e Vlaams filologencongres. Brussel (1959), p. 186-193. P. 193.</subfield>
    </datafield>
    <datafield tag="581" ind1=" " ind2=" ">
      <subfield code="a">B. Nonte, 'Untersuchungen über die Handschriften des Augustiner-Chorherren-Stiftes Frenswegen bei Nordhorn', in: Westfälische Forschungen 14 (1961), p. 133-148. (cf. Scriptorium 18 (1964), p. 152 nr. 317). P. 145.</subfield>
    </datafield>
    <datafield tag="581" ind1=" " ind2=" ">
      <subfield code="a">Vijftien jaar aanwinsten. Sedert de eerste steenlegging tot de plechtige inwijding van de bibliotheek. Brussel 1969. (= Catalogi van de Koninklijke Bibliotheek te Brussel 34). P. 83.</subfield>
    </datafield>
    <datafield tag="581" ind1=" " ind2=" ">
      <subfield code="a">J. Deschamps, Middelnederlandse handschriften uit Europese en Amerikaanse bibliotheken. Tentoonstelling ter gelegenheid van het honderdjarig bestaan van de Koninklijke Zuidnederlandse Maatschappij voor Taal- en Letterkunde en Geschiedenis. Leiden 1972. Tweede herziene druk. P. 251.</subfield>
    </datafield>
    <datafield tag="581" ind1=" " ind2=" ">
      <subfield code="a">G. Hendrix, 'Gerardus Leodiensis - De doctrina cordis', in: Cîteaux. Commentarii Cistercienses 27 (1976), p. 135-138. P. 138.</subfield>
    </datafield>
    <datafield tag="581" ind1=" " ind2=" ">
      <subfield code="a">G. Hendrix, 'Handschriften en in handschriften bewaarde vertalingen van het aan Gerard van Luik toegeschreven traktaat De doctrina cordis. Een overzicht', in: Ons geestelijk erf 51 (1977), p. 146-168. P. 163.</subfield>
    </datafield>
    <datafield tag="581" ind1=" " ind2=" ">
      <subfield code="a">Le manuscrit Leyde, Bibliothèque de l'Université, BPL 2579, témoin principal des phases de rédaction du Traité ascétique De doctrina cordis, à attribuer au Dominican français Hugues de Saint-Cher (pseudo-Gérard de Liège). Éd. en fac-similé. Introd. de G. Hendrix. Gent 1980.</subfield>
    </datafield>
    <datafield tag="581" ind1=" " ind2=" ">
      <subfield code="a">G. Hendrix, 'Onderzoek naa r het oeuvre van ""Gerardus Leodiensis""', in: Ons geestelijk erf 56 (1982), p. 300-341. P. 329-330, 341.</subfield>
    </datafield>
    <datafield tag="581" ind1=" " ind2=" ">
      <subfield code="a">Handschriften en oude drukken van de Utrechtse Universiteitsbibliotheek. Catalogus bij de tentoonstelling in het Centraal Museum te Utrecht ter gelegenheid van het 400-jarig bestaan van de bibliotheek der Rijksuniversiteit, 1584-1984. Utrecht 1984. P. 222.</subfield>
    </datafield>
    <datafield tag="581" ind1=" " ind2=" ">
      <subfield code="a">J. Deschamps, 'De Dietse collatieboeken van Dirc van Herxen, rector van het Zwolse fraterhuis', in: Verslagen en mededelingen van de Koninklijke Academie voor Nederlandse Taal- en Letterkunde (1987) 3 , p. 408-412. P. 411.</subfield>
    </datafield>
    <datafield tag="581" ind1=" " ind2=" ">
      <subfield code="a">W.J. Hoffmann, 'Die volkssprachliche Rezeption des 'Horologium sapientiae' in der Devotio moderna', in: Heinrich Seuses Philosophia spiritualis. Quellen, Konzept, Formen und Rezeption. Tagung Eichstatt 2-4 Oktober 1991. Hrsg. von R. Blumrich &amp; Ph. Kaiser. Wiesbaden (1994), p. 202-254. p. 232 nt. 75.</subfield>
    </datafield>
    <datafield tag="581" ind1=" " ind2=" ">
      <subfield code="a">A.G. Weiler, Volgens de norm van de vroege kerk. De geschiedenis van de huizen van de broeders van het Gemene Leven in Nederland. Nijmegen 1997. (= Middeleeuwse studies 13). P. 220.</subfield>
    </datafield>
    <datafield tag="581" ind1=" " ind2=" ">
      <subfield code="a">I. Stahl, Die Handschriften der Klosterbibliothek Frenswegen. Wiesbaden 1994. nr. 98, p. 203-204.</subfield>
    </datafield>
    <datafield tag="581" ind1=" " ind2=" ">
      <subfield code="a">Th. Kock, 'Zerbolt inkognito. Auf den Spuren des Traktats ''De vestibus pretiosis,''' in: Kirchenreform von unten. Gerhard Zerbolt von Zutphen und die Br©ơder vom gemeinsamen Leben (2003), p. 165-235. P. 181 nt. 69, 207 -212.</subfield>
    </datafield>
    <datafield tag="581" ind1=" " ind2=" ">
      <subfield code="a">L. van Beek, Leken trekken tot Gods Woord. Dirc van Herxen (1381-1457) en zijn eerste collatieboek. Dissertatie Leiden. Hilversum 2009. (= Middeleeuwse studies en bronnen 120) p. 106-124, 126-140, 208-210, 234-238.</subfield>
    </datafield>
    <datafield tag="530" ind1=" " ind2=" ">
      <subfield code="a">Also available in online version.</subfield>
    </datafield>
    <datafield tag="541" ind1=" " ind2=" ">
      <subfield code="a">Brill;</subfield>
      <subfield code="b">Leiden</subfield>
      <subfield code="c">Purchased;</subfield>
      <subfield code="d">1888;</subfield>
      <subfield code="e">no. 424.</subfield>
      <subfield code="5">NL-UtRU</subfield>
    </datafield>
    <datafield tag="655" ind1=" " ind2="7">
      <subfield code="a">Handschriften (vorm)</subfield>
      <subfield code="0">088143309</subfield>
      <subfield code="2">gtt</subfield>
    </datafield>
    <datafield tag="700" ind1="1" ind2=" ">
      <subfield code="a">Ledeboer, Adrianus Marinus,</subfield>
      <subfield code="d">1797-1886.</subfield>
      <subfield code="e">former owner.</subfield>
      <subfield code="4">fmo</subfield>
      <subfield code="5">NL-UtRU</subfield>
    </datafield>
    <datafield tag="710" ind1="2" ind2=" ">
      <subfield code="a">Kloster Frenswegen (Nordhorn)</subfield>
      <subfield code="e">former owner.</subfield>
      <subfield code="4">fmo</subfield>
      <subfield code="5">NL-UtRU</subfield>
    </datafield>
    <datafield tag="776" ind1="0" ind2="8">
      <subfield code="i">Online version:</subfield>
      <subfield code="a">Dirc van Herxen,</subfield>
      <subfield code="t">Instructio religiosorum ex dictis doctorum.</subfield>
      <subfield code="d">[S.l.], [1400-1500]</subfield>
    </datafield>
    <datafield tag="856" ind1="4" ind2="1">
      <subfield code="u">http://objects.library.uu.nl/reader/resolver.php?obj=002657248&amp;type=2</subfield>
      <subfield code="x">Online</subfield>
      <subfield code="z">Full Text</subfield>
    </datafield>
    <datafield tag="936" ind1=" " ind2=" ">
      <subfield code="a">BATCHLOAD</subfield>
    </datafield>
  </record>